000 00254nam a22001097a 4500
999 _c4322
_d4322
008 250206b ||||| |||| 00| 0 eng d
020 _a9781405232555
082 _a823.92
100 _aMORPURGO,MICHAEL
_eAUTHOR
245 _aTHE BEST OF TIMES
942 _2ddc